MARC

LEADER 00000nam0a2200000 4500
001 355354
005 20231102010803.0
035 |a (RuTPU)RU\TPU\retro\12613 
090 |a 355354 
100 |a 20200707d1973 km y0rusy50 ca 
101 0 |a rus 
102 |a RU 
105 |a a z 001zy 
200 1 |a Взрывобезопасное и взрывозащищенное электрооборудование   |f А. Г. Арнополин, Б. С. Гнилицкий 
210 |a Москва  |c Недра  |d 1973 
215 |a 120 с.  |c ил. 
320 |a Библиогр.: с. 118-119 
606 1 |a Рудничное электрооборудование, взрывобезопасное  |x Надежность  |2 stltpush  |3 (RuTPU)RU\TPU\subj\25676  |9 49772 
610 1 |a взрывозащитное электрооборудование 
610 1 |a технические сведения 
610 1 |a электрические машины 
610 1 |a изготовление 
610 1 |a электрические аппараты 
610 1 |a трансформаторы 
610 1 |a передвижные установки 
610 1 |a подстанции 
610 1 |a ремонт 
675 |a 622.002.5-83-213.34  |v 4 
700 1 |a Арнополин  |b А. Г.  |g Александр Григорьевич 
701 1 |a Гнилицкий  |b Б. С.  |g Борис Степанович 
801 1 |a RU  |b 63413507  |c 20200707 
801 2 |a RU  |b 63413507  |c 20210215  |g RCR 
942 |c BK